[Event "USA-ch"]
[Site "Saint Louis"]
[Date "2017.03.31"]
[Round "3"]
[White "Onischuk, Alexander"]
[Black "Shankland, Samuel L"]
[Result "1/2-1/2"]
[WhiteElo "2667"]
[BlackElo "2666"]
[PlyCount "68"]
[EventDate "2017.03.29"]
[EventType "tourn"]
[EventRounds "11"]
[EventCountry "USA"]
[EventCategory "18"]
[SourceTitle "CBM 178"]
[Source "ChessBase"]
[SourceDate "2017.05.14"]
[SourceVersion "1"]
[SourceVersionDate "2017.05.14"]
[SourceQuality "1"]

1. d4 d5 2. c4 c6 3. Nf3 Nf6 4. Nc3 e6 5. e3 Nbd7 6. Qc2 Bd6 7. b3 0-0 8. Be2 b6 9. Bb2 Bb7 10. 0-0 Rc8 11. Rad1 Qe7 12. e4 dxe4 13. Nxe4 Nxe4 14. Qxe4 Nf6 15. Qc2 c5 16. d5 exd5 17. cxd5 Ne4 18. Rfe1 f5 19. Bc4 Kh8 20. g3 Rce8 21. Nd2 Qf7 22. Nxe4 fxe4 23. Rd2 Qg6 24. Rde2 Bc8 25. Rxe4 Bf5 26. Bd3 Bxe4 27. Rxe4 Rxe4 28. Bxe4 Qh5 29. Kg2 Be5 30. Bxe5 Qxe5 31. Bxh7 Qxd5+ 32. Be4 Qd4 33. Qe2 Rxf2+ 34. Qxf2 Qxe4+ 1/2-1/2

[Event "Carlos Torre Memorial op 28th"]
[Site "Merida"]
[Date "2016.12.19"]
[Round "8"]
[White "Durarbayli, Vasif"]
[Black "Onischuk, Alexander"]
[Result "1/2-1/2"]
[WhiteElo "2608"]
[BlackElo "2668"]
[PlyCount "116"]
[EventDate "2016.12.15"]
[EventType "swiss"]
[EventRounds "9"]
[EventCountry "MEX"]
[SourceTitle "CBM 176 Extra"]
[Source "ChessBase"]
[SourceDate "2017.03.02"]
[SourceVersion "1"]
[SourceVersionDate "2017.03.02"]
[SourceQuality "1"]

1. e4 e5 2. Nf3 Nc6 3. Bb5 a6 4. Ba4 Nf6 5. 0-0 Bc5 6. c3 b5 7. Bb3 d6 8. d4 Bb6 9. Be3 0-0 10. h3 Re8 11. Nbd2 Na5 12. Bc2 c5 13. Re1 h6 14. Rc1 Bd7 15. a3 Rc8 16. b4 cxd4 17. cxd4 Nc4 18. Nxc4 Rxc4 19. dxe5 dxe5 20. Bxb6 Qxb6 21. Bb3 Rxc1 22. Qxc1 Be6 23. Bxe6 Qxe6 24. Qc3 Qd6 25. Re3 g6 26. g3 Kg7 27. Kg2 Re7 28. Re2 Re8 29. Re1 Re7 30. Re3 Re8 31. Nd2 Qd4 32. Qxd4 exd4 33. Re1 Rc8 34. e5 Nd7 35. e6 Nb6 36. exf7 Kxf7 37. Nf3 Nc4 38. Rd1 Nxa3 39. Rxd4 Ke6 40. Rg4 g5 41. Re4+ Kd5 42. Rd4+ Ke6 43. h4 Nc2 44. Re4+ Kd5 45. Re5+ Kc4 46. hxg5 hxg5 47. Re4+ Kc3 48. Nxg5 Nxb4 49. f4 Nd3 50. f5 b4 51. f6 Rf8 52. Re6 b3 53. Rc6+ Kd2 54. Rxa6 b2 55. Ne4+ Ke3 56. Nc3 Kd2 57. Ne4+ Ke3 58. Nc3 Kd2 1/2-1/2

[Event "Carlos Torre Memorial op 28th"]
[Site "Merida"]
[Date "2016.12.17"]
[Round "5"]
[White "Onischuk, Alexander"]
[Black "Grover, Sahaj"]
[Result "1-0"]
[WhiteElo "2668"]
[BlackElo "2469"]
[PlyCount "41"]
[EventDate "2016.12.15"]
[EventType "swiss"]
[EventRounds "9"]
[EventCountry "MEX"]
[SourceTitle "CBM 176 Extra"]
[Source "ChessBase"]
[SourceDate "2017.03.02"]
[SourceVersion "1"]
[SourceVersionDate "2017.03.02"]
[SourceQuality "1"]

1. d4 d5 2. c4 e6 3. Nc3 Nf6 4. cxd5 exd5 5. Bg5 c6 6. e3 Be7 7. Qc2 Nbd7 8. Bd3 Nh5 9. Bxe7 Qxe7 10. Nge2 Nb6 11. h3 g6 12. 0-0-0 Bd7 13. Kb1 0-0-0 14. Nc1 Ng7 15. Na4 Nxa4 16. Qxa4 Kb8 17. Nb3 b6 18. Nd2 Qh4 19. Nf3 Qxf2 20. Ne5 Rhf8 21. Qa3 1-0

[Event "Carlos Torre Memorial op 28th"]
[Site "Merida"]
[Date "2016.12.17"]
[Round "4"]
[White "Vera Gonzalez Quevedo, Reynaldo"]
[Black "Onischuk, Alexander"]
[Result "1/2-1/2"]
[WhiteElo "2442"]
[BlackElo "2668"]
[PlyCount "46"]
[EventDate "2016.12.15"]
[EventType "swiss"]
[EventRounds "9"]
[EventCountry "MEX"]
[SourceTitle "CBM 176 Extra"]
[Source "ChessBase"]
[SourceDate "2017.03.02"]
[SourceVersion "1"]
[SourceVersionDate "2017.03.02"]
[SourceQuality "1"]

1. e4 e5 2. Nf3 Nc6 3. Bb5 a6 4. Ba4 Nf6 5. 0-0 Be7 6. Re1 b5 7. Bb3 0-0 8. c3 d5 9. exd5 Nxd5 10. Nxe5 Nxe5 11. Rxe5 c6 12. d4 Bd6 13. Re1 Qh4 14. g3 Qh3 15. Qe2 Bg4 16. Qf1 Rae8 17. Be3 Qh5 18. Nd2 Re7 19. a4 Bh3 20. Qe2 Bg4 21. Qf1 Bh3 22. Qe2 Bg4 23. Qf1 Bh3 1/2-1/2

[Event "Carlos Torre Memorial op 28th"]
[Site "Merida"]
[Date "2016.12.15"]
[Round "2"]
[White "Gemy Vargas, Jose Daniel"]
[Black "Onischuk, Alexander"]
[Result "0-1"]
[WhiteElo "2394"]
[BlackElo "2668"]
[PlyCount "70"]
[EventDate "2016.12.15"]
[EventType "swiss"]
[EventRounds "9"]
[EventCountry "MEX"]
[SourceTitle "CBM 176 Extra"]
[Source "ChessBase"]
[SourceDate "2017.03.02"]
[SourceVersion "1"]
[SourceVersionDate "2017.03.02"]
[SourceQuality "1"]

1. d4 Nf6 2. c4 e6 3. Nf3 d5 4. Nc3 Bb4 5. e3 0-0 6. Qb3 c5 7. dxc5 Nc6 8. Be2 dxc4 9. Qxc4 Qe7 10. a3 Bxc5 11. b4 Bd6 12. 0-0 e5 13. e4 Be6 14. Nd5 Bxd5 15. exd5 e4 16. dxc6 exf3 17. Bxf3 Qe5 18. Rd1 Qxh2+ 19. Kf1 bxc6 20. Be3 Rae8 21. Rxd6 Qh1+ 22. Ke2 Qxa1 23. Bxc6 Rd8 24. Bd4 Qxa3 25. Rxf6 Rxd4 26. Qxd4 gxf6 27. Qxf6 Qa2+ 28. Kf3 Qb3+ 29. Kg4 Qe6+ 30. Kg5 Qxf6+ 31. Kxf6 Rb8 32. b5 a6 33. Bd5 Rxb5 34. Bxf7+ Kf8 35. Bc4 Rb2 0-1

[Event "USA-ch"]
[Site "Saint Louis"]
[Date "2016.04.21"]
[Round "7"]
[White "Onischuk, Alexander"]
[Black "Shankland, Samuel L"]
[Result "1-0"]
[WhiteElo "2664"]
[BlackElo "2656"]
[PlyCount "139"]
[EventDate "2016.04.14"]
[EventType "tourn"]
[EventRounds "11"]
[EventCountry "USA"]
[EventCategory "17"]
[SourceTitle "CBM 172"]
[Source "ChessBase"]
[SourceDate "2016.05.12"]
[SourceVersion "1"]
[SourceVersionDate "2016.05.12"]
[SourceQuality "1"]

1. d4 d5 2. c4 e6 3. Nc3 Nf6 4. Bg5 Be7 5. Nf3 0-0 6. Qc2 h6 7. Bxf6 Bxf6 8. Rd1 c5 9. dxc5 Qa5 10. e3 Qxc5 11. Be2 dxc4 12. Nd2 Bxc3 13. Qxc3 Bd7 14. b4 Qe7 15. Nxc4 Bc6 16. Ne5 Bd5 17. 0-0 Nc6 18. Nxc6 Bxc6 19. b5 Bd5 20. a4 b6 21. Rc1 Rad8 22. Rfd1 Rd7 23. f3 Rfd8 24. a5 bxa5 25. Qxa5 Qg5 26. Qc3 Qe7 27. Qc5 Qxc5 28. Rxc5 Bb3 29. Rxd7 Rxd7 30. Rc8+ Kh7 31. Rc3 Bd5 32. e4 Bb7 33. Kf2 Kg6 34. Ra3 Bc8 35. e5 f6 36. exf6 Kxf6 37. Rc3 Bb7 38. Ke3 e5 39. Bd3 g5 40. g4 Re7 41. Bf5 Kg7 42. Ra3 Bd5 43. Ra6 Rb7 44. Bd3 Bf7 45. Kd2 Be8 46. Ra5 Rc7 47. Be4 Kf8 48. Ra6 Rc5 49. Rxh6 Kg7 50. Rh7+ Kf6 51. Rh6+ Kg7 52. Rh7+ Kf6 53. Rxa7 Rxb5 54. Ra6+ Kg7 55. Ke3 Bf7 56. Kf2 Rb8 57. Kg3 Rh8 58. Rd6 Rh4 59. Bd5 Bxd5 60. Rxd5 Kf6 61. Rd8 Kf7 62. Ra8 Rh6 63. Ra7+ Kf8 64. Rc7 Rf6 65. Rh7 Ra6 66. Rh5 Rg6 67. Kf2 Ke7 68. Ke3 Kf6 69. Ke4 Rg8 70. h4 1-0

[Event "Wch Rapid"]
[Site "Berlin"]
[Date "2015.10.12"]
[Round "15"]
[White "Matlakov, Maxim"]
[Black "Onischuk, Alexander"]
[Result "1-0"]
[WhiteElo "2689"]
[BlackElo "2662"]
[PlyCount "73"]
[EventDate "2015.10.10"]
[EventType "swiss (rapid)"]
[EventRounds "15"]
[EventCountry "GER"]
[SourceTitle "CBM 168 Extra"]
[Source "ChessBase"]
[SourceDate "2015.10.29"]
[SourceVersion "1"]
[SourceVersionDate "2015.10.29"]
[SourceQuality "1"]

1. c4 e6 2. g3 d5 3. Bg2 Nf6 4. Nf3 Be7 5. 0-0 0-0 6. d4 dxc4 7. Qc2 a6 8. a4 Bd7 9. Qxc4 Bc6 10. Bf4 Bd6 11. Qc1 Bxf4 12. Qxf4 Bxf3 13. Bxf3 c6 14. Nc3 Nbd7 15. Rfd1 Qe7 16. e4 e5 17. Qe3 exd4 18. Rxd4 Ne5 19. Be2 Rfe8 20. Rad1 b5 21. f4 Neg4 22. Bxg4 Nxg4 23. Qf3 b4 24. Qxg4 bxc3 25. bxc3 c5 26. Rc4 Rad8 27. Rxd8 Rxd8 28. Kg2 Rd2+ 29. Kh3 g6 30. Qc8+ Kg7 31. Qxc5 Qe6+ 32. f5 gxf5 33. exf5 Rxh2+ 34. Kxh2 Qe2+ 35. Kh3 Qf1+ 36. Kg4 h5+ 37. Kxh5 1-0

[Event "Wch Rapid"]
[Site "Berlin"]
[Date "2015.10.11"]
[Round "7"]
[White "Andreikin, Dmitry"]
[Black "Onischuk, Alexander"]
[Result "0-1"]
[WhiteElo "2720"]
[BlackElo "2662"]
[PlyCount "94"]
[EventDate "2015.10.10"]
[EventType "swiss (rapid)"]
[EventRounds "15"]
[EventCountry "GER"]
[SourceTitle "CBM 168 Extra"]
[Source "ChessBase"]
[SourceDate "2015.10.29"]
[SourceVersion "1"]
[SourceVersionDate "2015.10.29"]
[SourceQuality "1"]

1. e4 e5 2. Nf3 Nc6 3. d4 exd4 4. Nxd4 Nf6 5. Nxc6 bxc6 6. Qe2 Be7 7. e5 Nd5 8. c4 Nb6 9. Qc2 d5 10. exd6 cxd6 11. Bd3 h6 12. 0-0 0-0 13. Nc3 d5 14. cxd5 cxd5 15. Be3 Bf6 16. Rad1 Be6 17. Bc5 Be7 18. Ne2 Rc8 19. Bxe7 Qxe7 20. Qd2 Nc4 21. Bxc4 dxc4 22. Nd4 Bg4 23. Rde1 Qf6 24. Re4 Bh5 25. Rfe1 Rfd8 26. Rf4 Qd6 27. h4 Bg6 28. Qe3 Re8 29. Qxe8+ Rxe8 30. Rxe8+ Kh7 31. g3 Qb4 32. Nf3 Qxb2 33. Rxc4 Qb1+ 34. Re1 Qxa2 35. Rc7 a5 36. Ne5 Qd2 37. Rcc1 Bf5 38. Rcd1 Qa2 39. Nd7 h5 40. Re5 Bg4 41. Nf8+ Kh6 42. Rd6+ f6 43. Re7 Qb1+ 44. Kg2 a4 45. Ra7 Qe4+ 46. Kh2 Bf3 47. Rb6 Qd4 0-1

[Event "Wch Rapid"]
[Site "Berlin"]
[Date "2015.10.11"]
[Round "9"]
[White "Kryvoruchko, Yuriy"]
[Black "Onischuk, Alexander"]
[Result "1-0"]
[WhiteElo "2710"]
[BlackElo "2662"]
[PlyCount "79"]
[EventDate "2015.10.10"]
[EventType "swiss (rapid)"]
[EventRounds "15"]
[EventCountry "GER"]
[SourceTitle "CBM 168 Extra"]
[Source "ChessBase"]
[SourceDate "2015.10.29"]
[SourceVersion "1"]
[SourceVersionDate "2015.10.29"]
[SourceQuality "1"]

1. e4 e5 2. Nf3 Nc6 3. Bc4 Bc5 4. c3 Nf6 5. d4 exd4 6. e5 d5 7. Bb5 Ne4 8. cxd4 Bb6 9. Nc3 0-0 10. Be3 Bf5 11. 0-0 Ne7 12. Nh4 Be6 13. Bd3 c5 14. Bxe4 dxe4 15. dxc5 Bc7 16. Nxe4 Qxd1 17. Rfxd1 Bxe5 18. Bd4 Bxd4 19. Rxd4 Nc6 20. Rd6 Rfe8 21. Nc3 Ne5 22. Nf3 Nxf3+ 23. gxf3 Bh3 24. Rad1 h6 25. f4 Rac8 26. b4 Rc6 27. Nb5 Re6 28. R6d3 Rg6+ 29. Rg3 Rce6 30. Nd4 Re4 31. f3 Rxf4 32. Kf2 Rh4 33. Rxg6 fxg6 34. Kg3 g5 35. b5 Kf7 36. c6 bxc6 37. bxc6 Bc8 38. c7 Rf4 39. Nb5 Ke7 40. Nxa7 1-0